Daily Quiz #1 - Statistics

General Stats
  • This quiz has been taken 78 times
  • The average score is 5 of 5
Answer Stats
Hint Answer % Correct
Which president signed the emancipation proclamation, which ended slavery? Abraham Lincoln
96%
Who was the first president of the United States? George Washington
96%
Name either country the United States was at war with in the 21st century Iraq / Afghanistan
93%
Which state was the last one to join the United States? Hawaii
91%
What state is Chicago in? Illinois
87%
No matching quizzes found
Score Distribution
Percent of People with Each Score
Percentile by Number Answered
Your Score History
You have not taken this quiz